Statistics for Biggest Cities in the Yukon on the Map

Click here to take the quiz!

General Stats

  • This quiz has been taken 56 times
  • The average score is 8 of 20

Answers on the Map

Answers color-coded by a green-red scale on the quiz's map according to % correct below.
 

Answer Stats

PopCity% Correct
30.9 kWhitehorse
100%
1.7 kDawson City
77%
451Faro
52%
205Mayo
52%
552Carmacks
45%
810Haines Junction
45%
1.2 kWatson Lake
43%
418Carcross
41%
220Teslin
41%
249Old Crow
36%
380Pelly Crossing
34%
374Ross River
34%
102Beaver Creek
32%
523Ibex Valley
32%
43Destruction Bay
30%
22Keno Hill
30%
312Tagish
30%
93Burwash Landing
27%
470Mt. Lorne
27%
136Upper Liard
25%

Score Distribution

Percentile by Number Answered

Percent of People with Each Score

Your Score History

You have not taken this quiz